000 00998nam a2200253Ia 4500
003 OSt
005 20221005112058.0
006 a|||||r|||| 00| 0
007 ta
008 221004b |||||||| |||| 00| 0 hin d
024 _a32607
037 _cTextual
040 _aCRL
_cCRL
_bhin
041 _2hin
_ahin
082 _aO152,1N:g, M3
100 _aखण्डेलवाल, रामेश्वर लाल
245 0 _aसमीक्षा के वातायन
_b आलोचनात्मक लेखों का संग्रह
246 _aSamīkṣhā ke vātāyana: ālochanātmak lekhoan kā sangraha
260 _aहरियाणा
_bनटराज पब्लिशिंग हाउस भारत
_c1983
300 _a160पृ.
_ccm.
650 _aहिन्दी साहित्य
942 _hO152,1N:g, M3
_cTEXL
_2cc
999 _c1023764
_d1023764